000 00567nam a2200181 i 4500
001 29476
003 ES-MaACL
005 20251123063300.0
007 t|
008 030122s1968 sp ||||1| spa d
100 0 _aBarceló, Carlos,
_d1929-
_925500
245 1 0 _a7 puntos básicos para la formación de vendedores /
_cCarlos Barceló.
260 _aBarcelona :
_bSagitario,
_c[1968]
300 _a314 p. ;
_c22 cm.
740 0 _aSiete puntos básicos para la formación de vendedores.
852 _aES-MaACL
_jC-46815
_bR.67508
999 _c29476
_d29476